|
|
|
|
| LEADER |
01274cam a2200361 a 4500 |
| 001 |
c000273959 |
| 003 |
CARM |
| 005 |
20071017114444.0 |
| 008 |
881107s1989 enka b 001 0 eng c |
| 010 |
|
|
|a 90179697
|
| 019 |
1 |
|
|a 6075102
|z 22605324
|5 LACONCORD2021
|
| 020 |
|
|
|a 0333454723
|
| 020 |
|
|
|a 0333454731 (pbk.)
|
| 035 |
|
|
|a (OCoLC)22239279
|5 LACONCORD2021
|
| 040 |
|
|
|a LC
|b eng
|c LC
|d WCX
|d VCAV
|
| 050 |
|
4 |
|a HB172
|b .C86 1989b
|
| 050 |
1 |
4 |
|a HB172
|b .C86 1989b
|
| 050 |
1 |
4 |
|a HB172
|b .C86 1989
|
| 082 |
0 |
4 |
|a 338.5
|
| 082 |
0 |
4 |
|a 338.5
|2 22
|
| 082 |
0 |
4 |
|a 338.5
|
| 245 |
0 |
0 |
|a Current issues in microeconomics /
|c edited by John D. Hey.
|
| 260 |
|
|
|a Houndmills, Basingstoke, Hampshire :
|b Macmillan,
|c 1989.
|
| 300 |
|
|
|a xii, 320 p. :
|b ill. ;
|c 23 cm.
|
| 490 |
1 |
|
|a Current issues in economics ;
|v vol. 1
|
| 504 |
|
|
|a Includes bibliographical references (p. 280-309) and indexes.
|
| 505 |
0 |
|
|a Includes index.
|
| 650 |
|
0 |
|a Microeconomics.
|
| 700 |
1 |
|
|a Hey, John Denis.
|
| 830 |
|
0 |
|a Current issues in economics ;
|v vol. 1.
|
| 852 |
8 |
|
|b CARM
|h A1:AM02B0
|i B09154
|p 0396194
|f BK
|
| 999 |
f |
f |
|i 46485df0-d14c-5190-9648-9a50cf83cf43
|s 4475587d-cf0e-5f42-9c75-2dd6b7b1886e
|
| 952 |
f |
f |
|p Can circulate
|a CAVAL
|b CAVAL
|c CAVAL
|d CARM 1 Store
|e B09154
|f A1:AM02B0
|h Other scheme
|i book
|m 0396194
|